| 000 | 00409nam a22001577a 4500 | ||
|---|---|---|---|
| 003 | OSt | ||
| 008 | 250902b |||||||| |||| 00| 0 eng d | ||
| 041 | _aeng | ||
| 082 |
_a894.812301 _bNAR/SA |
||
| 100 |
_aNarayanan, Rakesh _97808 |
||
| 245 |
_aSamoohyapadam / _bസാമൂഹ്യപാഠം |
||
| 260 |
_aKozhikode : _bProgress Books, _c2018. |
||
| 300 | _a65 p. | ||
| 650 |
_aStories _96292 |
||
| 942 | _cBK | ||
| 999 |
_c19497 _d19497 |
||